| 000 | 00761nam a22001935i 4500 | ||
|---|---|---|---|
| 001 | 174039 | ||
| 003 | ES-MaACL | ||
| 005 | 20231223063116.0 | ||
| 008 | 100209s1907 sp |||| | spa d | ||
| 100 | 1 |
_aDicenta, Joaquín, _d1863-1917 _944474 |
|
| 245 | 1 | 0 |
_aTeatro. _nTomo I / _cJoaquin Dicenta. |
| 260 |
_aMadrid : _bSociedad de Autores Españoles, _c1907 ( _fR. Velasco) |
||
| 300 |
_a94 p. ; _c19 cm. |
||
| 505 | 8 | _aContiene: Aurora: drama en tres actos. El tio Gervasio: monólogo | |
| 740 | 0 | _aAurora. | |
| 740 | 3 | _aEl tío Gervasio. | |
| 852 |
_aES-MaACL _jF-8647(3) _z.- Enc. hol., conservando cubierta original _z.- Enc. en un vol. facticio formando parte de la col. facticia "Teatro español moderno" v. 104 |
||
| 999 |
_c174039 _d174039 |
||